Detalles MARC
| 000 -CABECERA |
| Longitud fija campo de control |
03641nam a2200433 i 4500 |
| 001 - NÚMERO DE CONTROL |
| Número de control |
53078 |
| 003 - IDENTIFICADOR DE NÚMERO DE CONTROL |
| Identificador del número de control |
ES-MaCES |
| 005 - FECHA Y HORA DE LA ÚLTIMA TRANSACCIÓN |
| Fecha y hora de la última transacción |
20251115040005.0 |
| 008 - CAMPO FIJO DE DESCRIPCIÓN FIJA--INFORMACIÓN GENERAL |
| Códigos de información de longitud fija |
240221s2023 uk || 000 | eng d |
| 020 ## - ISBN (INTERNATIONAL STANDARD BOOK NUMBER) |
| Número Internacional Normalizado para Libros (ISBN) |
9781914484445 (UK hbk) |
| 040 ## - FUENTE DE CATALOGACIÓN |
| Centro catalogador de origen |
ES-MaCES |
| Lengua de catalogación |
spa |
| Centro transcriptor |
ES-MaCES |
| 041 1# - CÓDIGO DE IDIOMA |
| Código de lengua del texto;banda sonora o título independiente |
eng |
| Código de lengua original |
fre |
| 100 1# - ENCABEZAMIENTO PRINCIPAL--NOMBRE PERSONAL |
| 9 (RLIN) |
40927 |
| Nombre de persona |
Pitron, Guillaume |
| 245 12 - MENCIÓN DE TÍTULO |
| Título |
The dark cloud |
| Resto del título |
: how the digital world is costing the earth |
| Mención de responsabilidad, etc. |
Guillaume Pitron ; tr. by Bianca Jacobsohn |
| 250 ## - MENCIÓN DE EDICIÓN |
| Mención de edición |
1st ed |
| 260 ## - PUBLICACIÓN, DISTRIBUCIÓN, ETC (PIE DE IMPRENTA) |
| Lugar de publicación, distribución, etc. |
London |
| Nombre del editor, distribuidor, etc. |
Scribe |
| Fecha de publicación, distribución, etc. |
2023 |
| 300 ## - DESCRIPCIÓN FÍSICA |
| Extensión |
I, 290 p. |
| Dimensiones |
24 cm |
| 500 ## - NOTA GENERAL |
| Nota general |
Traducción de: L'enfer numérique in 2021 |
| 520 3# - RESUMEN, ETC. |
| Sumario, etc, |
Una nueva y apasionante investigación sobre la parte más vulnerable de la tecnología digital, que revela no sólo lo costoso que es el mundo virtual, sino también lo dañino que es para el medio ambiente.<br/>Un simple “me gusta” enviado desde nuestros teléfonos inteligentes movilizará lo que pronto constituirá la mayor infraestructura construida por el hombre. Esta pequeña notificación, atravesando las siete capas operativas de Internet, viaja alrededor del mundo, utilizando cables submarinos, antenas telefónicas y centros de datos, llegando hasta el Círculo Polar Ártico.<br/>Resulta que el mundo digital “desmaterializado”, esencial para comunicar, trabajar y consumir, es mucho más tangible de lo que nos gustaría creer. Hoy en día, absorbe el 10 por ciento de la electricidad mundial y representa casi el 4 por ciento de las emisiones de dióxido de carbono del planeta. Estamos luchando por comprender estos impactos, ya que están ocultos para nosotros en el espejismo de "la nube".<br/>Algunos números reveladores:<br/>Si la tecnología digital fuera un país, sería el tercer consumidor de electricidad detrás de China y Estados Unidos.<br/>Un correo electrónico con un archivo adjunto de gran tamaño consume tanta energía como una bombilla encendida durante una hora.<br/>Cada año, la tecnología de streaming genera tantos gases de efecto invernadero como España: cerca del 1 por ciento de las emisiones globales.<br/>Una búsqueda en Google consume tanta electricidad como una bombilla que se deja encendida durante hasta dos minutos.<br/>Toda la humanidad produce cinco exabytes de datos al día, el equivalente a lo que consumimos desde los inicios de Internet hasta 2003, una cantidad que llenaría 10 millones de discos Blu-ray que, amontonados, serían tan altos como la Torre Eiffel. .<br/>En un momento de despliegue del 5G, de los coches conectados y de la inteligencia artificial, The Dark Cloud, resultado de una investigación realizada durante dos años en cuatro continentes, revela la anatomía de una tecnología virtual sólo de nombre. Con el pretexto de limitar el impacto del ser humano en el planeta, ya se está afirmando como uno de los grandes desafíos medioambientales del siglo XXI.<br/> |
| 541 ## - NOTA DE LA FUENTE INMEDIANTE DE ADQUISICIÓN |
| Forma de adquisición |
Compra |
| 650 #4 - ASIENTO SECUNDARIO DE MATERIA--TÉRMINO DE MATERIA |
| Término de materia o nombre geográfico como elemento inicial |
nuevas tecnologías |
| 9 (RLIN) |
30788 |
| 650 #4 - ASIENTO SECUNDARIO DE MATERIA--TÉRMINO DE MATERIA |
| Término de materia o nombre geográfico como elemento inicial |
tecnología de la información |
| 9 (RLIN) |
30104 |
| 650 #4 - ASIENTO SECUNDARIO DE MATERIA--TÉRMINO DE MATERIA |
| Término de materia o nombre geográfico como elemento inicial |
Internet |
| 9 (RLIN) |
30572 |
| 650 #4 - ASIENTO SECUNDARIO DE MATERIA--TÉRMINO DE MATERIA |
| Término de materia o nombre geográfico como elemento inicial |
inteligencia artificial |
| 9 (RLIN) |
30166 |
| 650 #4 - ASIENTO SECUNDARIO DE MATERIA--TÉRMINO DE MATERIA |
| Término de materia o nombre geográfico como elemento inicial |
cambio tecnológico |
| 9 (RLIN) |
28236 |
| 650 #4 - ASIENTO SECUNDARIO DE MATERIA--TÉRMINO DE MATERIA |
| Término de materia o nombre geográfico como elemento inicial |
economía colaborativa |
| 9 (RLIN) |
37923 |
| 650 #4 - ASIENTO SECUNDARIO DE MATERIA--TÉRMINO DE MATERIA |
| Término de materia o nombre geográfico como elemento inicial |
política de las telecomunicaciones |
| 9 (RLIN) |
30438 |
| 650 #4 - ASIENTO SECUNDARIO DE MATERIA--TÉRMINO DE MATERIA |
| Término de materia o nombre geográfico como elemento inicial |
infraestructura |
| 9 (RLIN) |
28025 |
| 650 #4 - ASIENTO SECUNDARIO DE MATERIA--TÉRMINO DE MATERIA |
| Término de materia o nombre geográfico como elemento inicial |
cambio social |
| 9 (RLIN) |
27286 |
| 650 #4 - ASIENTO SECUNDARIO DE MATERIA--TÉRMINO DE MATERIA |
| Término de materia o nombre geográfico como elemento inicial |
evaluación del impacto ambiental |
| 9 (RLIN) |
30344 |
| 650 #4 - ASIENTO SECUNDARIO DE MATERIA--TÉRMINO DE MATERIA |
| Término de materia o nombre geográfico como elemento inicial |
degradación del medio ambiente |
| 9 (RLIN) |
30722 |
| 650 #4 - ASIENTO SECUNDARIO DE MATERIA--TÉRMINO DE MATERIA |
| Término de materia o nombre geográfico como elemento inicial |
contaminación ambiental |
| 9 (RLIN) |
28739 |
| 650 #4 - ASIENTO SECUNDARIO DE MATERIA--TÉRMINO DE MATERIA |
| Término de materia o nombre geográfico como elemento inicial |
cambio climático |
| 9 (RLIN) |
30961 |
| 653 10 - TÉRMINO DE INDEXACIÓN--NO CONTROLADO |
| Término no controlado |
Medio ambiente |
| 700 1# - ENCABEZAMIENTO SECUNDARIO--NOMBRE PERSONAL |
| 9 (RLIN) |
40947 |
| Nombre de persona |
Jacobsohn, Bianca |
| Término indicativo de función |
tr. |
| 740 22 - ENCABEZAMIENTO SECUNDARIO--TÍTULO ANALÍTICO/RELACIONADO NO CONTROLADO |
| Título relacionado o analítico no controlado |
L'enfer numérique in 2021 |
| 902 ## - CES. TIPO DE DOCUMENTO |
| Tipodoc (006$c Sirtex) |
LIB Libro |
| 942 ## - ELEMENTOS KOHA |
| Fuente de clasificaión o esquema |
Clasificación propia del CES |
| Koha [por defecto] tipo de item |
Monografías |
| Parte de clasificación |
Medio Ambiente |